Thirty days change your habits, change your life (Record no. 229831)
[ view plain ]
| 000 -LEADER | |
|---|---|
| fixed length control field | 01550nam a22002057a 4500 |
| 005 - DATE AND TIME OF LATEST TRANSACTION | |
| control field | 20240221094002.0 |
| 008 - FIXED-LENGTH DATA ELEMENTS--GENERAL INFORMATION | |
| fixed length control field | 240215b ||||| |||| 00| 0 eng d |
| 020 ## - INTERNATIONAL STANDARD BOOK NUMBER | |
| International Standard Book Number | 9789353335205 |
| 040 ## - CATALOGING SOURCE | |
| Transcribing agency | AL |
| 041 ## - LANGUAGE CODE | |
| Language code of text/sound track or separate title | eng |
| 082 ## - DEWEY DECIMAL CLASSIFICATION NUMBER | |
| Edition number | 23 |
| Classification number | 152.4 |
| Item number | REKT |
| 100 ## - MAIN ENTRY--PERSONAL NAME | |
| Personal name | Marc Reklau |
| 9 (RLIN) | 151629 |
| 245 ## - TITLE STATEMENT | |
| Title | Thirty days change your habits, change your life |
| 260 ## - PUBLICATION, DISTRIBUTION, ETC. | |
| Place of publication, distribution, etc. | New Delhi |
| Name of publisher, distributor, etc. | Rupa Publications |
| Date of publication, distribution, etc. | 2019 |
| 300 ## - PHYSICAL DESCRIPTION | |
| Extent | xvi,214p. |
| Other physical details | PB |
| Dimensions | 20x12cm. |
| 365 ## - TRADE PRICE | |
| Source of price type code | General |
| Price type code | VBI-2022 |
| Price amount | ₹221.00 |
| Currency code | ₹ |
| Unit of pricing | ₹295.00 |
| Price note | 25% |
| Price effective from | 16/01/2024 |
| 520 ## - SUMMARY, ETC. | |
| Summary, etc. | Have you ever wondered why some people seem to get everything easily while others don't? Are you tired of waiting for your life to change? How long are you willing to wait till your circumstances change magically? 30 Days is a simple, fast-paced book where you will learn what it takes to create the life you want. In this book, international bestselling author Marc Reklau introduces the readers to some proven tips, tricks and exercises that can improve their life beyond imagination! All it takes is following them constantly and persistently. More good news: You can start by creating new habits and working towards your goals consistently, doing things that bring you closer to your goals every single day. This book shows you how to make it possible. You can do it! You deserve it! Thirty days does make a difference and you CAN really create a happier, healthier and wealthier life. All you have to do is stop waiting and start acting! |
| 650 ## - SUBJECT ADDED ENTRY--TOPICAL TERM | |
| Source of heading or term | Emotions And Senses |
| Topical term or geographic name entry element | Emotions |
| 9 (RLIN) | 151630 |
| 942 ## - ADDED ENTRY ELEMENTS (KOHA) | |
| Source of classification or shelving scheme | Dewey Decimal Classification |
| Koha item type | Book |
| Withdrawn status | Lost status | Source of classification or shelving scheme | Damaged status | Not for loan | Collection code | Home library | Current library | Date acquired | Source of acquisition | Cost, normal purchase price | Total Checkouts | Full call number | Barcode | Date due | Date last seen | Date last checked out | Cost, replacement price | Price effective from | Koha item type |
|---|---|---|---|---|---|---|---|---|---|---|---|---|---|---|---|---|---|---|---|
| Dewey Decimal Classification | General | St Aloysius PG Library | St Aloysius PG Library | 01/23/2024 | Vidyarthi Books | 221.00 | 2 | 152.4 REKT | PG024582 | 07/11/2026 | 07/01/2026 | 07/01/2026 | 295.00 | 02/15/2024 | Book |